Эллинизированный Восток. Греческое искусство и его наследники в Несредиземноморской Азии: пер. с фр.

Dettagli Bibliografici
Autore principale: Шлюмберже Д. Даниель
Lingua:russo
Pubblicazione: Москва, Искусство, 1985
Soggetti:
Natura: MixedMaterials Libro
KOHA link:https://koha.lib.tpu.ru/cgi-bin/koha/opac-detail.pl?biblionumber=286880

MARC

LEADER 00000nam0a2200000 4500
001 286880
005 20231101235932.0
035 |a (RuTPU)RU\TPU\book\311235 
090 |a 286880 
100 |a 20150311d1985 m y0rusy50 ca 
101 1 |a rus  |c fre 
102 |a RU 
105 |a a z 001zy 
200 1 |a Эллинизированный Восток. Греческое искусство и его наследники в Несредиземноморской Азии  |e пер. с фр.  |f Д. Шлюмберже 
210 |a Москва  |c Искусство  |d 1985 
215 |a 206 с.  |c ил. 
320 |a Библиогр.: с. 194-200 
320 |a Указ.: с. 203-206 
606 1 |a Искусство Греции  |2 stltpush  |3 (RuTPU)RU\TPU\subj\13192  |9 39843 
610 1 |a искусство 
610 1 |a Греция 
610 1 |a эллинизм 
610 1 |a памятники 
610 1 |a Иран 
610 1 |a династии 
610 1 |a Парфянское царство 
610 1 |a Пальмира 
610 1 |a архитектура 
610 1 |a Вавилония 
610 1 |a Восток 
675 |a 7.032.6  |v 3 
700 1 |a Шлюмберже  |b Д.  |g Даниель 
801 1 |a RU  |b 63413507  |c 20150311 
801 2 |a RU  |b 63413507  |c 20171226  |g RCR 
942 |c BK